LEADER 01398nam a2200301 u 4500 001 000000005187 003 CaOOAMICUS 005 20070226104732.0 008 940926s1948 be u000 u fre u 035 $a10137081 040 $aIaU$bita$cIaU$dPUL(R) 100 1 $aHenry, Paul,$cS.I.,$d1906-$0(OLS)http://pul/name/5402 245 10$aEtudes plotiniennes.$nII,$pLes manuscrits des Ennéades /$cpar Paul Henry. 246 30$aManuscrits des Ennéades 250 $a2e éd. 260 $aBruxelles :$bL'Edition universelle ;$aParis :$bDesclée de Brouwer :$bJ. Picard,$c1948. 300 $axlvii, 351 p. ;$c24 cm 490 1 $aMuseum Lessianum.$aSection philosophique ;$v21 600 00$aPlotinus,$d203/6-270.$tEnneades$9(Plotinus, 203/6-270).$2//eng$0(OLS)http://pul/subject/4590 830 0$aMuseum Lessianum.$pSection philosophique ;$v21.$0(OLS)http://pul/title/7586 850 $aPUL 852 $aPUL$W1$xDP2 Filosofia 1$y62$m81 G 39$j7262$nBK-PRI$b $qStampati$B7262$CPULBib$Z2$F7262 $81 941 1 $a8 961 $aINV: 56555 996 $6245$aEtudes plotiniennes.$nII,$pLes manuscrits des Ennéades$9(OLS)http://pul/title/7587 996 $6246$aManuscrits des Ennéades$9(OLS)http://pul/title/7588 996 $6260$aBruxelles :$bL'Edition universelle$9(OLS)http://pul/publisher/50800 996 $6260$aParis :$bDesclée de Brouwer :$bJ. Picard$9(OLS)http://pul/publisher/50801 LEADER 02258nam a2200385 a 4500 001 000000174617 003 CaOOAMICUS 005 20210701162934.0 008 210701s2021 it u000 u mul r 020 $a978-88-922-2411-7* 032 $aLibriCat 040 $aPUL$bita 041 0 $aita$aheb$agrc$alat 082 04$a221.4 130 0 $aBiblia.$pV.T.$pEzechiel.$lItaliano ed ebraico.$0(OLS)http://pul/title/149404 245 10$aEzechiele : $bebraico, greco, latino, italiano : testo ebraico della Biblia Hebraica Stuttgartensia, traduzione interlineare italiana di Stefano Mazzoni, testo greco dei Settanta a cura di Rahlfs-Hanhart, testo latino della Vulgata Sisto-Clementina, testo italiano della Nuovissima Versione della Bibbia /$ca cura di Stefano Mazzoni. 260 $aCinisello Balsamo :$bSan Paolo,$c©2021. 300 $aXVII, 395 p. ;$c25 cm 490 1 $aBibbia ebraica interlineare ;$v12 500 $aIn testa al front.: titolo in ebraico. 504 $aBibliografia in nota. 546 $aTesto in ebraico, greco, latino ed italiano; testo ebraico con traduzione interlineare. 630 04$aBiblia.$pV.T.$pEzechiel$xCritica testuale.$0(OLS)http://pul/subject/1440 700 1 $aHanhart, Robert,$d1925-$0(OLS)http://pul/name/1537 700 1 $aMazzoni, Stefano,$co.s.m.,$d1972-$0(OLS)http://pul/name/81593 700 1 $aRahlfs, Alfred,$d1865-1935.$0(OLS)http://pul/name/21321 830 0$aBibbia ebraica interlineare ;$v12.$0(OLS)http://pul/title/104823 850 $aPUL 852 $aPUL$W1$xSL Religione 3$y85$m221. 4 COLL 1.12$j198928$qDDC 21$B203558$CPULBib$Z2$F203558 $H135052 $82 941 1 $a9 996 $6020$a978-88-922-2411-7*$9(OLS)http://pul/number/168240 996 $6082$a221.4$9(OLS)http://pul/classification/448 996 $6245$aEzechiele : $bebraico, greco, latino, italiano : testo ebraico della Biblia Hebraica Stuttgartensia, traduzione interlineare italiana di Stefano Mazzoni, testo greco dei Settanta a cura di Rahlfs-Hanhart, testo latino della Vulgata Sisto-Clementina, testo italiano della Nuovissima Versione della Bibbia$9(OLS)http://pul/title/215923 996 $6260$aCinisello Balsamo :$bSan Paolo$9(OLS)http://pul/publisher/54577